[Event "Catalunya-chT"]
[Site "Barcelona"]
[Date "2011.02.19"]
[Round "4.7"]
[White "Tebar Moreno, Juan Carlos"]
[Black "Bravo Barranco, Narciso"]
[Result "1/2-1/2"]
[WhiteElo "2157"]
[BlackElo "2248"]
[PlyCount "99"]
[EventDate "2011.01.29"]
[EventType "team-tourn"]
[EventRounds "11"]
[EventCountry "ESP"]
[SourceTitle "EXT 2012"]
[Source "ChessBase"]
[SourceDate "2011.11.24"]
[SourceVersion "1"]
[SourceVersionDate "2011.11.24"]
[SourceQuality "1"]
[WhiteTeam "Ateneu Colon"]
[BlackTeam "Montcada"]
[WhiteTeamCountry "ESP"]
[BlackTeamCountry "ESP"]

1. e4 c6 2. d4 d5 3. e5 Bf5 4. Nc3 e6 5. Nf3 Nd7 6. Bd3 Ne7 7. 0-0 Bxd3 8. Qxd3 Nf5 9. Ne2 Be7 10. a4 g5 11. Ng3 Ng7 12. h3 Nf8 13. Nh2 h5 14. f4 gxf4 15. Bxf4 Ng6 16. Bd2 h4 17. Ne2 Nf5 18. Ng4 Qd7 19. b4 0-0-0 20. Rf3 Kb8 21. Raf1 Rh5 22. Kh2 Qc8 23. c3 Ka8 24. Nf4 Nxf4 25. Bxf4 Rg8 26. Ne3 Qf8 27. Nxf5 Rxf5 28. Bd2 Qg7 29. Qe2 Rxf3 30. Rxf3 Qg6 31. Qf2 Rg7 32. a5 a6 33. Be3 Kb8 34. Rf4 Kc8 35. Rg4 Qh7 36. Rxg7 Qxg7 37. Qf4 Kd7 38. Bf2 Qh7 39. g3 hxg3+ 40. Qxg3 f5 41. Kg2 Ke8 42. Be1 Kf7 43. Qf3 Qg6+ 44. Kf1 Qg5 45. Bf2 Kg6 46. Be3 Qh4 47. Qg2+ Kf7 48. Ke2 Bd8 49. Qf3 Kg6 50. Qg2+ 1/2-1/2

[Event "Llinars del Valles op 3rd"]
[Site "Llinars del Valles"]
[Date "2009.05.16"]
[Round "5"]
[White "Tebar Moreno, Juan Carlos"]
[Black "Subirats Ruiz, Sergi"]
[Result "1-0"]
[WhiteElo "2197"]
[BlackElo "2071"]
[PlyCount "75"]
[EventDate "2009.04.18"]
[EventType "swiss"]
[EventRounds "7"]
[EventCountry "ESP"]
[SourceTitle "EXT 2011"]
[Source "ChessBase"]
[SourceDate "2010.11.26"]
[SourceVersion "1"]
[SourceVersionDate "2010.11.26"]
[SourceQuality "1"]

1. d4 Nf6 2. Nc3 d5 3. Bg5 Ne4 4. Nxe4 dxe4 5. e3 c5 6. c3 Bf5 7. Bc4 Bg6 8. Qa4+ Qd7 9. Bb5 Nc6 10. dxc5 e5 11. Rd1 Qc7 12. b4 h6 13. Bh4 Bh5 14. Ne2 g5 15. Bg3 Bg7 16. Rd6 0-0 17. 0-0 f5 18. f4 exf3 19. gxf3 f4 20. exf4 exf4 21. Bxc6 bxc6 22. Be1 Qe7 23. Nd4 Bxd4+ 24. cxd4 Bxf3 25. Qb3+ Bd5 26. Rxd5 cxd5 27. Qxd5+ Kh7 28. Bf2 Rad8 29. Qc4 Qd7 30. Qd3+ Kh8 31. d5 Qg4+ 32. Kh1 Rf5 33. d6 f3 34. Rg1 Qf4 35. Bg3 f2 36. Bxf4 fxg1Q+ 37. Kxg1 Rxf4 38. d7 1-0

[Event "Llinars del Valles op 3rd"]
[Site "Llinars del Valles"]
[Date "2009.04.25"]
[Round "2"]
[White "Jane Besora, Jaume"]
[Black "Tebar Moreno, Juan Carlos"]
[Result "1/2-1/2"]
[WhiteElo "2067"]
[BlackElo "2197"]
[PlyCount "91"]
[EventDate "2009.04.18"]
[EventType "swiss"]
[EventRounds "7"]
[EventCountry "ESP"]
[SourceTitle "EXT 2011"]
[Source "ChessBase"]
[SourceDate "2010.11.26"]
[SourceVersion "1"]
[SourceVersionDate "2010.11.26"]
[SourceQuality "1"]

1. e4 c5 2. Nf3 e6 3. d4 cxd4 4. Nxd4 a6 5. g3 Nf6 6. Bg2 Nc6 7. Ne2 Bc5 8. 0-0 0-0 9. c4 d6 10. Nbc3 Ng4 11. Nf4 Nge5 12. b3 Rb8 13. a4 Qb6 14. Rb1 Nb4 15. Qe2 Bd7 16. Ba3 Nec6 17. Bxb4 Bxb4 18. Na2 Bc5 19. Nd3 Bd4 20. b4 Qa7 21. Rfc1 Ne5 22. Nxe5 Bxe5 23. b5 Bd4 24. Nb4 axb5 25. axb5 Ra8 26. Rc2 Rfc8 27. h3 Qb6 28. Kh2 Ra4 29. f4 f6 30. Qd3 Rca8 31. Qe2 Ra3 32. Ra2 Rxa2 33. Nxa2 Ra3 34. Nb4 Ra4 35. Qd1 Ra7 36. Nc2 e5 37. Nxd4 exd4 38. Rb2 Be6 39. Rd2 Bxc4 40. Rxd4 Qxb5 41. Rxd6 Ra2 42. Rd8+ Kf7 43. Rd7+ Ke8 44. Rd8+ Kf7 45. Rd7+ Ke8 46. Rd8+ 1/2-1/2

[Event "Catalunya-chT Honor"]
[Site "Catalunya"]
[Date "2009.02.22"]
[Round "4"]
[White "Tebar Moreno, Juan Carlos"]
[Black "Simon Padros, Emili"]
[Result "1/2-1/2"]
[WhiteElo "2234"]
[BlackElo "2256"]
[PlyCount "103"]
[EventDate "2009.02.01"]
[EventType "team-tourn"]
[EventRounds "9"]
[EventCountry "ESP"]
[SourceTitle "EXT 2019"]
[Source "ChessBase"]
[SourceDate "2018.10.10"]
[SourceVersion "1"]
[SourceVersionDate "2018.10.10"]
[SourceQuality "1"]
[WhiteTeam "Ateneu Colon"]
[BlackTeam "Terrassa"]
[WhiteTeamCountry "ESP"]
[BlackTeamCountry "ESP"]

1. d4 e6 2. e4 d5 3. Nc3 Bb4 4. e5 c5 5. a3 Bxc3+ 6. bxc3 Qc7 7. h4 Ne7 8. h5 h6 9. Nf3 b6 10. g4 Ba6 11. a4 Bxf1 12. Kxf1 Nbc6 13. Qe2 cxd4 14. cxd4 Na5 15. Ba3 Nc4 16. Rh3 Rc8 17. Ne1 Nxa3 18. Raxa3 Qc4 19. c3 Qxe2+ 20. Kxe2 Nc6 21. Nc2 Na5 22. Ne3 Ke7 23. f4 Rc7 24. g5 Nc4 25. Nxc4 Rxc4 26. Kd2 Rhc8 27. Ra1 a6 28. Rg3 hxg5 29. fxg5 g6 30. h6 Kf8 31. Rf3 Kg8 32. Rd3 R8c7 33. Kc2 Rb7 34. Kb3 Kh7 35. Rb1 Rcc7 36. Ka3 Rc4 37. Rb3 Kg8 38. Rf3 Kh7 39. Rb2 Rcc7 40. Rbf2 Ra7 41. Kb3 Rab7 42. Rf1 Ra7 43. Rc1 Rc4 44. Rc2 Rb7 45. Rb2 Rc6 46. Ka3 Rc4 47. Rb3 Rc6 48. Rb4 Kg8 49. Kb3 Rbc7 50. Rd3 Kh7 51. Rh3 Rc8 52. Rf3 1/2-1/2

[Event "Catalunya-chT Honor"]
[Site "Catalunya"]
[Date "2009.02.15"]
[Round "3"]
[White "Gutierrez Clares, Joaquim"]
[Black "Tebar Moreno, Juan Carlos"]
[Result "1-0"]
[WhiteElo "2271"]
[BlackElo "2234"]
[PlyCount "75"]
[EventDate "2009.02.01"]
[EventType "team-tourn"]
[EventRounds "9"]
[EventCountry "ESP"]
[SourceTitle "EXT 2019"]
[Source "ChessBase"]
[SourceDate "2018.10.10"]
[SourceVersion "1"]
[SourceVersionDate "2018.10.10"]
[SourceQuality "1"]
[WhiteTeam "Sant Adria"]
[BlackTeam "Ateneu Colon"]
[WhiteTeamCountry "ESP"]
[BlackTeamCountry "ESP"]

1. d4 c5 2. d5 g6 3. c4 f5 4. Nc3 Bg7 5. e4 Bxc3+ 6. bxc3 fxe4 7. h4 Nf6 8. h5 Rg8 9. hxg6 hxg6 10. g4 Qa5 11. Bd2 d6 12. g5 Nfd7 13. Bh3 Kd8 14. Qe2 Ne5 15. Qxe4 Qa4 16. Bxc8 Kxc8 17. Rh4 Nbd7 18. Ne2 Rf8 19. Nf4 Qxc4 20. Qxc4 Nxc4 21. Ne6 Nxd2 22. Kxd2 Rg8 23. Rh7 Nb6 24. Rxe7 Nxd5 25. Rf7 Nb6 26. Rh1 Nc4+ 27. Kc2 a6 28. Rhh7 Na5 29. Nf4 Kb8 30. Rhg7 Ka7 31. Nxg6 Rae8 32. Ne7 Rh8 33. Rh7 Ref8 34. g6 Rxh7 35. Rxh7 Rxf2+ 36. Kb1 Nc4 37. g7 Nd2+ 38. Kc1 1-0

[Event "Canovelles op 11th"]
[Site "Canovelles"]
[Date "2008.04.11"]
[Round "5.1"]
[White "Rojas Keim, Luis Alberto"]
[Black "Tebar Moreno, Juan Carlos"]
[Result "1-0"]
[WhiteElo "2414"]
[BlackElo "2270"]
[PlyCount "31"]
[EventDate "2008.03.07"]
[EventType "swiss"]
[EventRounds "9"]
[EventCountry "ESP"]
[SourceTitle "EXT 2024"]
[Source "ChessBase"]
[SourceDate "2023.10.10"]
[SourceVersion "1"]
[SourceVersionDate "2023.10.10"]
[SourceQuality "1"]

1. e4 c5 2. Nf3 d6 3. d4 cxd4 4. Nxd4 Nf6 5. Nc3 a6 6. Bc4 b5 7. Bb3 e5 8. Nf5 Nc6 9. Bg5 Bxf5 10. exf5 Nd4 11. Bxf6 gxf6 12. Bd5 Rc8 13. Be4 d5 14. Nxd5 Bc5 15. c3 Nc6 16. Qg4 1-0

[Event "Catalunya-chT DH"]
[Site "Spain"]
[Date "2004.??.??"]
[Round "9"]
[White "Montilla Carrillo, Esteban"]
[Black "Tebar Moreno, Juan Carlos"]
[Result "0-1"]
[WhiteElo "2287"]
[BlackElo "2249"]
[PlyCount "134"]
[EventDate "2004.??.??"]
[EventType "team"]
[EventRounds "9"]
[EventCountry "ESP"]
[SourceTitle "EXT 2007"]
[Source "ChessBase"]
[SourceDate "2006.11.23"]
[SourceVersion "1"]
[SourceVersionDate "2006.11.23"]
[SourceQuality "1"]

1. e4 c5 2. Nc3 e6 3. Nf3 Nc6 4. d4 cxd4 5. Nxd4 Qc7 6. Be3 a6 7. Nb3 Nf6 8. a3 Ne5 9. f3 b5 10. g4 h6 11. Be2 Be7 12. 0-0 Bb7 13. Qd4 d6 14. Qb6 Qxb6 15. Bxb6 Rb8 16. Ba7 Ra8 17. Be3 Bd8 18. Rad1 Bc7 19. h4 Rd8 20. Kf2 Nfd7 21. a4 b4 22. Na2 Nc6 23. Nd4 Nxd4 24. Bxd4 e5 25. Be3 a5 26. b3 Ke7 27. c4 Bb6 28. Bxb6 Nxb6 29. Nc1 Nd7 30. Nd3 Nc5 31. Nxc5 dxc5 32. Rxd8 Rxd8 33. Ke3 Rd4 34. Bd3 Bc8 35. Rg1 f6 36. h5 Bd7 37. Rh1 Kf7 38. Bc2 Be8 39. Rh2 g6 40. hxg6+ Kxg6 41. Rh4 Bf7 42. Bd3 Rd8 43. Be2 Kg7 44. Rh2 Rh8 45. Rh1 Kf8 46. f4 Ke7 47. fxe5 fxe5 48. Rf1 Be6 49. Rh1 Bf7 50. Rf1 Rg8 51. Rh1 Rg6 52. Rh5 Re6 53. Rf5 Bg6 54. Rf1 Rf6 55. Rh1 Bf7 56. Bf3 Rg6 57. Rh5 Re6 58. Rh4 Rg6 59. Bd1 Be6 60. Be2 Bf7 61. Rh1 Be6 62. Rg1 Kf6 63. Rh1 Bxg4 64. Bxg4 Rxg4 65. Rxh6+ Rg6 66. Rxg6+ Kxg6 67. Kf3 Kh5 0-1

[Event "Catalunya-chT DH"]
[Site "Spain"]
[Date "2004.??.??"]
[Round "2"]
[White "Tebar Moreno, Juan Carlos"]
[Black "Cueto Faus, Miguel"]
[Result "1-0"]
[WhiteElo "2249"]
[BlackElo "2132"]
[PlyCount "49"]
[EventDate "2004.??.??"]
[EventType "team"]
[EventRounds "9"]
[EventCountry "ESP"]
[SourceTitle "EXT 2007"]
[Source "ChessBase"]
[SourceDate "2006.11.23"]
[SourceVersion "1"]
[SourceVersionDate "2006.11.23"]
[SourceQuality "1"]

1. Nf3 d5 2. d4 Nc6 3. c4 Bg4 4. e3 Nf6 5. Qb3 Bxf3 6. gxf3 Qd7 7. cxd5 Nxd5 8. Qxb7 Rb8 9. Qa6 e5 10. Bh3 Bb4+ 11. Nd2 Qd6 12. dxe5 Qc5 13. a3 0-0 14. 0-0 Bxd2 15. Bxd2 Nxe5 16. Bg2 Rxb2 17. Rfd1 Rb6 18. Qf1 Rg6 19. Kh1 Re8 20. Rac1 Qe7 21. e4 Nb6 22. Bf4 Rd6 23. Qb5 f6 24. Rxd6 Qxd6 25. Qxe8+ 1-0

[Event "Catalunya-chT DH"]
[Site "Spain"]
[Date "2004.??.??"]
[Round "4"]
[White "Tebar Moreno, Juan Carlos"]
[Black "Fluvia Frigola, Joan"]
[Result "1-0"]
[WhiteElo "2249"]
[BlackElo "2178"]
[PlyCount "99"]
[EventDate "2004.??.??"]
[EventType "team"]
[EventRounds "9"]
[EventCountry "ESP"]
[SourceTitle "EXT 2007"]
[Source "ChessBase"]
[SourceDate "2006.11.23"]
[SourceVersion "1"]
[SourceVersionDate "2006.11.23"]
[SourceQuality "1"]

1. e4 c5 2. Nf3 d6 3. d4 cxd4 4. Nxd4 Nf6 5. Nc3 a6 6. Bg5 e6 7. f4 Nc6 8. Nxc6 bxc6 9. Bd3 Be7 10. Qf3 Qb6 11. Nd1 Bd7 12. Bh4 Qa5+ 13. c3 Qh5 14. Qxh5 Nxh5 15. Bxe7 Kxe7 16. 0-0 g6 17. g4 Ng7 18. Ne3 f5 19. exf5 gxf5 20. gxf5 Nxf5 21. Nxf5+ exf5 22. Kf2 a5 23. Rad1 Be6 24. Rfe1 Kf6 25. Bb1 Rad8 26. Rd4 Rhg8 27. Re3 Rg7 28. Rg3 Rg6 29. Ra4 Rb8 30. b3 Rb5 31. c4 Rc5 32. Rxg6+ hxg6 33. h4 d5 34. Bd3 dxc4 35. Bxc4 Ke7 36. Ke3 Kd6 37. Kd4 Bd5 38. a3 Bf3 39. b4 axb4 40. axb4 Rxc4+ 41. Kxc4 Bd1 42. Ra7 Be2+ 43. Kd4 Bf3 44. Rg7 Bh5 45. Rg8 Ke7 46. Ke5 Kf7 47. Rc8 Bf3 48. Rc7+ Ke8 49. Ke6 Kd8 50. Rg7 1-0

[Event "Benidorm Bali op-A"]
[Site "Benidorm"]
[Date "2003.11.27"]
[Round "8"]
[White "Tebar Moreno, Juan Carlos"]
[Black "Bajt, Indira"]
[Result "0-1"]
[WhiteElo "2254"]
[BlackElo "2112"]
[PlyCount "42"]
[EventDate "2003.11.21"]
[EventType "swiss"]
[EventRounds "9"]
[EventCountry "ESP"]
[SourceTitle "CBM 097 Extra"]
[Source "ChessBase"]
[SourceDate "2004.01.13"]
[SourceVersion "1"]
[SourceVersionDate "2004.01.13"]
[SourceQuality "1"]

1. d4 Nf6 2. c4 g6 3. Nc3 Bg7 4. Nf3 0-0 5. e4 d6 6. h3 Na6 7. Bg5 Qe8 8. Be2 e5 9. d5 Nh5 10. Ng1 Nf4 11. g3 Nxe2 12. Ngxe2 f5 13. f3 fxe4 14. fxe4 Qf7 15. g4 c6 16. Kd2 cxd5 17. cxd5 Qc7 18. Rc1 Rf3 19. Be3 Bd7 20. Qc2 Raf8 21. Ng1 Rxe3 0-1

[Event "Benidorm Bali op-A"]
[Site "Benidorm"]
[Date "2003.11.25"]
[Round "6"]
[White "Tebar Moreno, Juan Carlos"]
[Black "Llavador Moron, Juan Jose"]
[Result "1/2-1/2"]
[WhiteElo "2254"]
[BlackElo "2108"]
[PlyCount "38"]
[EventDate "2003.11.21"]
[EventType "swiss"]
[EventRounds "9"]
[EventCountry "ESP"]
[SourceTitle "CBM 097 Extra"]
[Source "ChessBase"]
[SourceDate "2004.01.13"]
[SourceVersion "1"]
[SourceVersionDate "2004.01.13"]
[SourceQuality "1"]

1. e4 c5 2. Nf3 Nc6 3. Nc3 g6 4. Bb5 Bg7 5. 0-0 Nf6 6. Bxc6 dxc6 7. e5 Nd5 8. Ne4 b6 9. h3 0-0 10. d3 h6 11. Re1 Qc7 12. a3 Qd8 13. Bd2 Nc7 14. b4 cxb4 15. axb4 Ne6 16. Be3 f5 17. exf6 exf6 18. Ra3 f5 19. Nc3 g5 1/2-1/2

[Event "Benidorm Bali op-A"]
[Site "Benidorm"]
[Date "2003.11.21"]
[Round "1"]
[White "Larios Crespo, Manuel"]
[Black "Tebar Moreno, Juan Carlos"]
[Result "0-1"]
[WhiteElo "2122"]
[BlackElo "2254"]
[PlyCount "40"]
[EventDate "2003.11.21"]
[EventType "swiss"]
[EventRounds "9"]
[EventCountry "ESP"]
[SourceTitle "CBM 097 Extra"]
[Source "ChessBase"]
[SourceDate "2004.01.13"]
[SourceVersion "1"]
[SourceVersionDate "2004.01.13"]
[SourceQuality "1"]

1. d4 d5 2. c4 Nc6 3. Nf3 Bg4 4. e3 e6 5. Nc3 Nf6 6. cxd5 exd5 7. Be2 Bd6 8. h3 Bh5 9. Bd2 Rb8 10. Rc1 a6 11. Qb3 Ne7 12. g4 Bg6 13. g5 Ne4 14. Nxd5 Nxd5 15. Qxd5 Nxf2 16. Rf1 Nxh3 17. Ne5 Nxg5 18. e4 Nxe4 19. Rxf7 Qh4+ 20. Kd1 Qh1+ 0-1

[Event "Catalunya-chT"]
[Site "Spain"]
[Date "2003.??.??"]
[Round "6"]
[White "Bofill Mas, Alejandro"]
[Black "Tebar Moreno, Juan Carlos"]
[Result "1/2-1/2"]
[WhiteElo "2391"]
[BlackElo "2227"]
[PlyCount "91"]
[EventDate "2003.??.??"]
[EventType "team"]
[EventRounds "9"]
[EventCountry "ESP"]
[SourceTitle "EXT 2007"]
[Source "ChessBase"]
[SourceDate "2006.11.23"]
[SourceVersion "1"]
[SourceVersionDate "2006.11.23"]
[SourceQuality "1"]

1. c4 e5 2. g3 Nc6 3. Bg2 f5 4. Nc3 Nf6 5. a3 g6 6. d3 Bg7 7. e4 d6 8. Nge2 0-0 9. 0-0 Be6 10. Nd5 Qd7 11. Bg5 Rf7 12. Qd2 fxe4 13. dxe4 Raf8 14. f3 b6 15. b4 a5 16. Rac1 Kh8 17. Be3 axb4 18. axb4 Ng8 19. Ra1 Nge7 20. Ra3 Nc8 21. Qc2 Bh3 22. Qd2 Nd8 23. c5 bxc5 24. bxc5 Bxg2 25. Kxg2 Ne6 26. cxd6 Nxd6 27. Qc2 c5 28. Ng1 Nb5 29. Ra5 Nbd4 30. Bxd4 cxd4 31. Rfa1 h5 32. Ra8 Kh7 33. h4 Qb7 34. Rxf8 Rxf8 35. Re1 Ra8 36. Nh3 Ra3 37. Nf2 Qa7 38. Qc6 Qf7 39. f4 exf4 40. Nh3 Rxg3+ 41. Kh2 Rg4 42. Rb1 Qa7 43. Nf6+ Kh6 44. Ng8+ Kh7 45. Nf6+ Kh6 46. Ng8+ 1/2-1/2

[Event "Catalunya-chT"]
[Site "Spain"]
[Date "2003.??.??"]
[Round "5"]
[White "Duran Albareda, Xavier"]
[Black "Tebar Moreno, Juan Carlos"]
[Result "1/2-1/2"]
[WhiteElo "2219"]
[BlackElo "2227"]
[PlyCount "198"]
[EventDate "2003.??.??"]
[EventType "team"]
[EventRounds "9"]
[EventCountry "ESP"]
[SourceTitle "EXT 2007"]
[Source "ChessBase"]
[SourceDate "2006.11.23"]
[SourceVersion "1"]
[SourceVersionDate "2006.11.23"]
[SourceQuality "1"]

1. e4 d5 2. exd5 Qxd5 3. Nf3 Bg4 4. Be2 Nc6 5. 0-0 Nf6 6. Nc3 Qd6 7. d3 a6 8. h3 Bh5 9. Rb1 e6 10. a3 Be7 11. b4 0-0 12. Bg5 Nd5 13. Ne4 Qd8 14. Bd2 Bg6 15. c4 Nf6 16. Qc2 Nxe4 17. dxe4 f5 18. Bd3 fxe4 19. Bxe4 Bxe4 20. Qxe4 Rxf3 21. Qxf3 Qxd2 22. Qe4 Qh6 23. Rfe1 Rf8 24. Qxe6+ Qxe6 25. Rxe6 Kf7 26. Ree1 Rd8 27. Rbd1 Rxd1 28. Rxd1 Ne5 29. c5 Ke6 30. f4 Nc4 31. f5+ Kf6 32. Rd7 b6 33. Rxc7 bxc5 34. Kh1 Nxa3 35. bxc5 Nb5 36. Rc6+ Kxf5 37. Rxa6 Ke5 38. Ra8 Kd5 39. Rg8 Bf6 40. Rc8 Na7 41. Rh8 h6 42. Kh2 Nc6 43. Kg3 Kxc5 44. Re8 Kd5 45. Kf4 Ne7 46. Rd8+ Ke6 47. Ra8 Nd5+ 48. Ke4 Nc3+ 49. Kf4 Be5+ 50. Kf3 Kf5 51. Ra5 h5 52. Ra8 Nd5 53. Ra5 Nf6 54. Rb5 Nh7 55. Ra5 Ng5+ 56. Ke3 h4 57. Ra4 Bg3 58. Ra6 Bf4+ 59. Kf2 Ne6 60. Ra4 g5 61. Ra8 Nd4 62. Re8 Nc6 63. Rf8+ Ke4 64. Rc8 Be3+ 65. Kf1 Nd4 66. Re8+ Kf4 67. Re7 Nf5 68. Rf7 Bc5 69. Rf6 Ke5 70. Rf7 Ng3+ 71. Ke1 Ke4 72. Rg7 Kf4 73. Rf7+ Ke3 74. Rf3+ Ke4 75. Rf7 Nf5 76. Kf1 Ne3+ 77. Kg1 Kd3 78. Kh1 Bd4 79. Rd7 Nf5 80. Rd8 Ke4 81. Re8+ Kd3 82. Rd8 Ke2 83. Re8+ Be3 84. Ra8 Ng3+ 85. Kh2 Ne4 86. Re8 Nd2 87. Re7 Kf2 88. Rf7+ Bf4+ 89. Kh1 Ne4 90. Ra7 Be5 91. Rf7+ Bf4 92. Ra7 Ng3+ 93. Kh2 Nf1+ 94. Kh1 Nd2 95. Ra2 Be3 96. Ra4 Ke2 97. Ra2 Ke1 98. Ra1+ Kf2 99. Ra2 Ke1 1/2-1/2

[Event "Badalona op-A 10th"]
[Site "Barcelona"]
[Date "2002.04.21"]
[Round "1"]
[White "Tebar Moreno, Juan Carlos"]
[Black "Arroyo Vega, Valenti"]
[Result "1/2-1/2"]
[WhiteElo "2197"]
[BlackElo "2110"]
[PlyCount "114"]
[EventDate "2002.04.21"]
[EventType "swiss"]
[EventRounds "9"]
[EventCountry "ESP"]
[SourceTitle "CBM 088 Extra"]
[Source "ChessBase"]
[SourceDate "2002.07.01"]
[SourceVersion "2"]
[SourceVersionDate "2002.07.01"]
[SourceQuality "1"]

1. d4 d5 2. Nf3 Nf6 3. e3 e6 4. c4 Be7 5. Nbd2 0-0 6. Bd3 Nbd7 7. 0-0 c5 8. a3 b6 9. cxd5 Nxd5 10. Nc4 Bb7 11. Qe2 Rc8 12. e4 N5f6 13. Bf4 cxd4 14. Nd6 Bxd6 15. Bxd6 Re8 16. e5 Nd5 17. Qe4 f5 18. Qxd4 Nc5 19. Bc2 Ne7 20. Qd1 Bd5 21. Nd4 a6 22. b4 Nb7 23. Bb3 Nxd6 24. Nxe6 Qd7 25. Bxd5 Nxd5 26. Qxd5 Qxe6 27. Qxd6 Qxd6 28. exd6 Red8 29. Rad1 Rd7 30. Rd5 g6 31. h4 Rc6 32. Rfd1 Kf7 33. R5d3 Ke6 34. Re1+ Kf7 35. Red1 Ke6 36. Re1+ Kf7 37. Rde3 Rcxd6 38. g3 Rd1 39. Rxd1 Rxd1+ 40. Kg2 Rd5 41. Kf3 a5 42. bxa5 bxa5 43. Kf4 Kf6 44. Rb3 h6 45. Rb6+ Kf7 46. Ke3 Kg7 47. f4 Kf7 48. a4 Rd1 49. Rb5 Rg1 50. Kf2 Ra1 51. Rxa5 Ra2+ 52. Ke3 Ra3+ 53. Kd4 Rxg3 54. h5 gxh5 55. Rxf5+ Kg6 56. Re5 Ra3 57. a5 h4 1/2-1/2

[Event "Barcelona op"]
[Site "Barcelona"]
[Date "2001.??.??"]
[Round "2"]
[White "Serrano Aspa, Pedro"]
[Black "Tebar Moreno, Juan Carlos"]
[Result "1/2-1/2"]
[WhiteElo "2049"]
[BlackElo "2171"]
[PlyCount "84"]
[EventDate "2001.??.??"]
[EventType "swiss"]
[EventRounds "7"]
[EventCountry "ESP"]
[SourceTitle "EXT 2002"]
[Source "ChessBase"]
[SourceDate "2001.11.25"]
[SourceVersion "1"]
[SourceVersionDate "2001.11.25"]
[SourceQuality "1"]

1. d4 d5 2. Nf3 Bg4 3. Ne5 Bf5 4. c4 f6 5. Nf3 c6 6. Nc3 dxc4 7. e4 Bg4 8. Bxc4 Bxf3 9. gxf3 Qb6 10. a3 Nd7 11. b4 g6 12. Qb3 Nh6 13. Be3 Qc7 14. Rc1 Qd6 15. Be6 Bg7 16. Ne2 Nf8 17. Bh3 Nf7 18. Rd1 Rd8 19. 0-0 e6 20. b5 f5 21. bxc6 bxc6 22. Qa4 Qd7 23. Rc1 Rc8 24. Rfd1 Bh6 25. Bxh6 Nxh6 26. d5 c5 27. Qa5 Qc7 28. Qc3 Rg8 29. d6 Qg7 30. Qb3 Qd7 31. Qe3 Nf7 32. Rxc5 Rxc5 33. Qxc5 h5 34. e5 g5 35. Rb1 Ng6 36. Rb8+ Nd8 37. Nd4 Kf7 38. Rc8 Nb7 39. Qc7 Nxe5 40. Rxg8 Kxg8 41. Qxd7 Nxd7 42. Nxe6 g4 1/2-1/2

[Event "ESP-chT"]
[Site "Barcelona"]
[Date "2000.08.11"]
[Round "7"]
[White "Angel Acosta, Juan Carlos"]
[Black "Tebar Moreno, Juan Carlos"]
[Result "0-1"]
[WhiteElo "2181"]
[BlackElo "2182"]
[PlyCount "65"]
[EventDate "2000.08.05"]
[EventType "team"]
[EventRounds "9"]
[EventCountry "ESP"]
[SourceTitle "CBM 077 Extra"]
[Source "ChessBase"]
[SourceDate "2000.09.14"]
[SourceVersion "1"]
[SourceVersionDate "2000.09.14"]
[SourceQuality "1"]

1. d4 Nf6 2. Nf3 c5 3. e3 d5 4. dxc5 Qa5+ 5. Nbd2 Nbd7 6. Be2 Nxc5 7. 0-0 b5 8. Nd4 a6 9. N2b3 Nxb3 10. Nxb3 Qc7 11. a4 b4 12. Bd2 e6 13. c3 bxc3 14. Bxc3 Bd6 15. h3 Qe7 16. Bf3 0-0 17. Na5 Bd7 18. Qd2 Rfb8 19. Rfc1 h6 20. b3 Nh7 21. Be2 Ng5 22. Bd3 e5 23. f4 exf4 24. exf4 Bc5+ 25. Kh1 d4 26. Bxd4 Bxd4 27. Bh7+ Nxh7 28. Qxd4 Nf6 29. Qe5 Qxe5 30. fxe5 Ne4 31. Rc7 Be6 32. Rb1 Rc8 33. Rb7 0-1

[Event "Santa Coloma"]
[Site "Santa Coloma"]
[Date "1998.??.??"]
[Round "?"]
[White "Dominguez Gonzalez, Isaac"]
[Black "Tebar Moreno, Juan Carlos"]
[Result "0-1"]
[WhiteElo "2270"]
[BlackElo "2230"]
[PlyCount "154"]
[EventDate "1998.??.??"]
[EventType "tourn"]
[EventRounds "9"]
[EventCountry "ESP"]
[SourceTitle "EXT 2003"]
[Source "ChessBase"]
[SourceDate "2002.11.25"]
[SourceVersion "1"]
[SourceVersionDate "2002.11.25"]
[SourceQuality "1"]

1. e4 c5 2. Nf3 Nc6 3. Bb5 e6 4. 0-0 Nge7 5. Nc3 Nd4 6. Nxd4 cxd4 7. Ne2 a6 8. Bd3 Nc6 9. c3 Bc5 10. b3 d5 11. cxd4 Nxd4 12. Bb2 dxe4 13. Bxe4 0-0 14. Rc1 Bb6 15. Rc4 Nb5 16. Ng3 f5 17. Bb1 Nd4 18. Ne2 Nc6 19. d4 Ne7 20. Nf4 Nd5 21. Qf3 Nf6 22. Rd1 Qd6 23. g3 Rb8 24. Qe2 Bd7 25. Qe5 Qe7 26. h3 g5 27. Ng2 Nd5 28. Ne3 Nxe3 29. Qxe3 Bc6 30. Re1 Bd5 31. Rcc1 Rbd8 32. Bd3 f4 33. Qe5 Ba5 34. Rf1 Qf6 35. Qxf6 Rxf6 36. Bc4 Rdf8 37. Bxd5 exd5 38. Ba3 Re8 39. Rc2 Bb6 40. Bc5 Bd8 41. Ba3 Rfe6 42. Kg2 Re4 43. Rd1 Bb6 44. Bb2 Kf7 45. gxf4 gxf4 46. Kf3 Kf6 47. Rg1 h5 48. h4 Bxd4 49. Bxd4+ Rxd4 50. Rg5 Rd3+ 51. Kg2 Re5 52. Rg8 Re7 53. Rf8+ Rf7 54. Rxf7+ Kxf7 55. Rc7+ Kf6 56. Rxb7 d4 57. Rb6+ Kf5 58. Rxa6 Kg4 59. Rg6+ Kxh4 60. Kf1 Rd2 61. Ke1 Rxa2 62. Rd6 Kg4 63. Rxd4 h4 64. Rd8 h3 65. Rh8 Rb2 66. Kf1 Rxb3 67. Kg1 Rb1+ 68. Kh2 Kf3 69. Rxh3+ Kxf2 70. Ra3 Re1 71. Ra4 f3 72. Kh3 Re8 73. Ra2+ Re2 74. Ra3 Rb2 75. Kg4 Rb4+ 76. Kh3 Re4 77. Kh2 Rh4# 0-1